Kinh tế các nước trong khu vực Kinh nghiệm và xu hướng phát triển

Tập sách tuyển dịch từ những bài báo đăng trong các tạp chí kinh tế trên thế giới. Vì thế các vấn đề được nêu ra và giải quyết đa dạng nhưng không hệ thống, chỉ có tính gợi mở.

محفوظ في:
التفاصيل البيبلوغرافية
المؤلف الرئيسي: Viện Thông tin Khoa học xã hội Việt Nam
التنسيق: كتاب
اللغة:Undetermined
منشور في: Hà Nội KHXH 1996
الموضوعات:
الوسوم: إضافة وسم
لا توجد وسوم, كن أول من يضع وسما على هذه التسجيلة!
Thư viện lưu trữ: Trung tâm Học liệu Trường Đại học Cần Thơ
LEADER 00947nam a2200193Ia 4500
001 CTU_12348
008 210402s9999 xx 000 0 und d
082 |a 330.95 
082 |b V305 
100 |a Viện Thông tin Khoa học xã hội Việt Nam 
245 0 |a Kinh tế các nước trong khu vực 
245 0 |b Kinh nghiệm và xu hướng phát triển 
245 0 |c Viện Thông tin Khoa học xã hội Việt Nam 
260 |a Hà Nội 
260 |b KHXH 
260 |c 1996 
520 |a Tập sách tuyển dịch từ những bài báo đăng trong các tạp chí kinh tế trên thế giới. Vì thế các vấn đề được nêu ra và giải quyết đa dạng nhưng không hệ thống, chỉ có tính gợi mở. 
650 |a economic development projects,economic geography 
980 |a Trung tâm Học liệu Trường Đại học Cần Thơ